000 01322nam a22001817a 4500
003 OSt
005 20220601114940.0
008 220601b ||||| |||| 00| 0 eng d
022 _222779787
040 _cAL
041 _aeng
245 _aSouth Asian Journal of Macroeconomics and Public Finance
260 _aNew Delhi
_bSage Publications
500 _aThe purpose of the South Asian Journal of Macroeconomics and Public Finance is to publish (in English language) peer-reviewed articles, reviews and scholarly comments on issues relating to contemporary global macroeconomics and public finance by which is understood that: ยท The journal is for all professionals concerned with contemporary Macroeconomics and Public Finance and is a forum for all views on related subjects. The newly expanded, internationally reputed and diverse Editorial Advisory Board welcomes articles of current interest on research and application on the areas mentioned above. The journal is international in the sense that it seeks research papers from authors with international reputation and focus. The articles are expected to generate interest to an international audience.
650 _2Economics
856 _ahttps://us.sagepub.com/en-us/nam/journal/south-asian-journal-macroeconomics-and-public-finance
942 _2ddc
_cBK
_s1
999 _c223181
_d223181